Au service du bistouri, (Record no. 38109)

MARC details
000 -LEADER
fixed length control field 00731cam a22002531 4500
001 - CONTROL NUMBER
control field med47000534
003 - CONTROL NUMBER IDENTIFIER
control field DLC
005 - DATE AND TIME OF LATEST TRANSACTION
control field 20260227111559.0
008 - FIXED-LENGTH DATA ELEMENTS--GENERAL INFORMATION
fixed length control field 820128s1940 xx 000 0 fre
010 ## - LIBRARY OF CONGRESS CONTROL NUMBER
LC control number med47000534
035 ## - SYSTEM CONTROL NUMBER
System control number (OCoLC)14746696
040 ## - CATALOGING SOURCE
Original cataloging agency DLC
Transcribing agency DNLM
Modifying agency DLC
042 ## - AUTHENTICATION CODE
Authentication code premarc
050 00 - LIBRARY OF CONGRESS CALL NUMBER
Classification number R520.M3
Item number A462
060 0# - NATIONAL LIBRARY OF MEDICINE CALL NUMBER
Classification number WZ 100
Item number M234t 1940
100 1# - MAIN ENTRY--PERSONAL NAME
Personal name Majocchi, Andrea.
245 10 - TITLE STATEMENT
Title Au service du bistouri,
Statement of responsibility, etc. traduit par A. Mastrangelo.
260 ## - PUBLICATION, DISTRIBUTION, ETC.
Place of publication, distribution, etc. Genève,
Name of publisher, distributor, etc. J.-H. Jeheber, s. a.
Date of publication, distribution, etc. [1940]
300 ## - PHYSICAL DESCRIPTION
Extent 3 p. l., [9]-239, [1] p.
500 ## - GENERAL NOTE
General note At head of title: A. Majocchi.
500 ## - GENERAL NOTE
General note Colophon dated 1944.
500 ## - GENERAL NOTE
General note Translation of Tra bistori e forbici.
700 1# - ADDED ENTRY--PERSONAL NAME
Personal name Mastrangelo, Aida.

No items available.

Powered by Koha